Normal view
MARC view
Entry Personal Name
001 - CONTROL NUMBER
- control field: 34436
003 - CONTROL NUMBER IDENTIFIER
- control field: dpl
005 - DATE AND TIME OF LATEST TRANSACTION
- control field: 20110906102742.0
008 - FIXED-LENGTH DATA ELEMENTS
- fixed length control field: 110906|||a|||||| | ||| d
040 ## - CATALOGING SOURCE
- Original cataloging agency: dpl
- Transcribing agency: dpl
100 ## - HEADING--PERSONAL NAME
- Personal name: Roces, Alfredo R.
670 ## - SOURCE DATA FOUND
- Source citation: Work cat.: (dpl)0: Roces, Alfredo R., Culture shock!. Philippines /, c2004.
670 ## - SOURCE DATA FOUND
- Source citation: Work cat.: (dpl)0: Roces, Alfredo R., Culture shock!. Philippines /, c2004.
